header

Ubiquitous law (Record no. 4061)

MARC details
000 -LEADER
fixed length control field 01261nam a2200325Ia 4500
100 1# - MAIN ENTRY--AUTHOR NAME
Personal name Melissaris, Emmanuel.
245 10 - TITLE STATEMENT
Title Ubiquitous law
260 ## - PUBLICATION, DISTRIBUTION, ETC. (IMPRINT)
Place of publication Burlington, VT :
Name of publisher Ashgate Pub.,
Year of publication c2009.
300 ## - PHYSICAL DESCRIPTION
Number of Pages vii, 170 p.
490 1# - SERIES STATEMENT
Series statement Law, justice, and power
650 #0 - SUBJECT ADDED ENTRY--TOPICAL TERM
Topical Term Legal polycentricity.
Topical Term Law
856 40 - ELECTRONIC LOCATION AND ACCESS
Uniform Resource Identifier http://site.ebrary.com/lib/rucke/Doc?id=10281385

No items available.

© 2026 Rongo University
Contact us: librarian | system librarian | Rongo university